Normal view
MARC view
- Burt , Michael
Entry Personal Name
001 - CONTROL NUMBER
- control field: 107436
003 - CONTROL NUMBER IDENTIFIER
- control field: NUST
005 - DATE AND TIME OF LATEST TRANSACTION
- control field: 20230123125311.0
008 - FIXED-LENGTH DATA ELEMENTS
- fixed length control field: 230123|| aca||aabn | a|a d
040 ## - CATALOGING SOURCE
- Original cataloging agency: NUST
- Transcribing agency: NUST
100 ## - HEADING--PERSONAL NAME
- Personal name: Burt , Michael
670 ## - SOURCE DATA FOUND
- Source citation: Work cat.: (NUST)186851: Burt , Michael, The Road To Round About /, 1937
